100 häufigste Straßennamen Deutschlands - Statistiken

Allgemein
  • Dieses Quiz wurde 941 mal gespielt
  • Das Durchschnittsergebnis liegt bei 37 aus 100
Antwortstatistiken
Nr. Häufigkeit Straßenname % Korrekt
1 6114 Hauptstraße
92%
51 1187 Am Bahnhof
72%
4 4274 Bahnhofstraße
72%
73 960 Berliner Straße
69%
50 1198 Kirchgasse
62%
47 1217 Kirchplatz
62%
9 2710 Kirchstraße
62%
32 1442 Kirchweg
62%
12 2163 Schillerstraße
61%
14 2053 Goethestraße
60%
6 3870 Bergstraße
59%
5 4002 Dorfstraße
56%
96 785 Eichenstraße
56%
21 1775 Eichenweg
56%
2 4914 Schulstraße
56%
64 1067 Schulweg
56%
10 2667 Waldstarße
56%
46 1240 Waldweg
56%
33 1429 Bachstraße
55%
3 4625 Gartenstraße
52%
54 1123 Schloßstraße
52%
16 1923 Buchenweg
51%
67 1040 Marktplatz
51%
93 792 Marktstraße
51%
57 1109 Burgstraße
50%
59 1101 Birkenstraße
49%
7 3120 Birkenweg
49%
41 1328 Gartenweg
49%
25 1635 Rosenstraße
49%
36 1416 Rosenweg
49%
30 1511 Tannenweg
49%
8 2898 Lindenstraße
48%
29 1541 Lindenweg
48%
23 1681 Feldstraße
47%
44 1256 Beethovenstraße
44%
28 1544 Blumenstraße
44%
35 1420 Mozartstraße
44%
68 1028 Parkstraße
44%
19 1809 Ahornweg
43%
79 882 Fichtenweg
43%
18 1825 Wiesenstraße
43%
15 2011 Wiesenweg
43%
58 1104 Neue Straße
42%
63 1075 Tulpenweg
42%
13 2117 Amselweg
40%
61 1090 Kastanienweg
38%
53 1137 Lessingstraße
38%
40 1330 Talstraße
38%
100 755 Lange Straße
36%
45 1252 Poststraße
36%
92 795 Fiedhofsweg
35%
27 1586 Friedhofstraße
35%
87 803 Friedrichstraße
34%
66 1044 Mühlweg
34%
85 809 Sonnenstraße
34%
26 1603 Erlenweg
33%
55 1110 Kiefernweg
31%
11 2528 Ringstraße
31%
81 828 Ulmenweg
31%
83 815 Wilhelmstraße
31%
38 1372 Drosselweg
30%
20 1777 Finkenweg
30%
94 792 Kurze Straße
30%
76 907 Eschenweg
29%
84 813 Lärchenweg
28%
48 1209 Meisenweg
28%
78 897 Nelkenweg
28%
37 1379 Lerchenweg
27%
22 1699 Am Sportplatz
26%
39 1338 Mühlenstraße
24%
24 1667 Mühlenweg
24%
95 788 Brückenstraße
22%
31 1495 Brunnenstraße
22%
43 1284 Mittelstraße
22%
74 954 Mittelweg
22%
80 847 Am Anger
19%
17 1856 Jahnstraße
19%
91 795 Marienstraße
19%
86 805 Schubertstraße
19%
49 1204 Fliederweg
18%
42 1298 Industriestraße
18%
77 898 Heideweg
17%
65 1057 Im Winkel
17%
71 977 Kapellenweg
17%
52 1168 Breslauer Straße
16%
69 1018 Danziger Straße
16%
75 950 Römerstraße
16%
89 802 Am Hang
15%
72 966 Schützenstraße
15%
97 770 Schwalbenweg
15%
56 1109 Fasanenweg
14%
34 1424 Raiffeisenstraße
14%
70 993 Grüner Weg
13%
62 1088 Königsberger Straße
13%
82 826 Stettiner Straße
13%
60 1096 Uhlandstraße
13%
88 802 Eichendorffstraße
12%
99 767 Neuer Weg
12%
98 767 Ginsterweg
10%
90 800 Sudentenstraße
9%
Keine übereinstimmenden Quizze gefunden
Verteilung der Resultate
Anzahl Personen mit jedem Resultat
Perzentil nach korrekt beantworteten Fragen
Ihre Resultats-Entwicklung
Sie haben dieses Quiz noch nicht gespielt